Unscramble the words - Space edition - Statistics

General Stats
  • This quiz has been taken 150 times
    39 since last reset
  • The average score is 5 of 8
Answer Stats
Answer % Correct
Black hole
100%
Deimos
100%
Eris
100%
Europa
100%
Galaxy
100%
Gemini
100%
Jupiter
100%
Mercury
100%
Milky Way
100%
Pluto
100%
Saturn
100%
Star
100%
Sun
100%
Titan
100%
Venus
100%
Earth
67%
Io
67%
Neptune
67%
Moon
50%
Rogue planet
50%
Solar storm
50%
Uranus
50%
Ganymede
33%
Phobos
33%
Planet
33%
Andromeda
0%
Asteroid belt
0%
Bellatrix
0%
Constellation
0%
Kuiper belt
0%
Makemake
0%
Mars
0%
Nebula
0%
Neutron Star
0%
Orion
0%
Rigel
0%
Sagittarius
0%
Sirius
0%
Solar System
0%
No matching quizzes found
Score Distribution
Percent of People with Each Score
Percentile by Number Answered
Your Score History
You have not taken this quiz since the last reset